| 000 | 00763nam a22001937a 4500 | ||
|---|---|---|---|
| 003 | OSt | ||
| 005 | 20120302151442.0 | ||
| 008 | 091107t xxu||||| |||| 00| 0 eng d | ||
| 035 | _a१५९४९ | ||
| 040 | _cमराठी | ||
| 100 |
_aहिवराळे, सुखराम _99848 |
||
| 222 | _aक्रांतिकारक/ देशभक्त/ चरित्र | ||
| 245 | _aआबासाहेब मालोजी सकपाळ (आंबेडकर) - भाग ५ वा | ||
| 250 | _a१ ली | ||
| 260 |
_aकोल्हापूर _bसंस्कारमाला _c१९९१ |
||
| 300 | _b१६ पाने | ||
| 440 |
_aप्रचार संस्कारमाला _99849 |
||
| 942 |
_2ddc _cBOOK |
||
| 999 |
_c494593 _d494590 |
||